000 00771nam a2200229 i 4500
001 183117
003 ES-MaACL
005 20251009191554.0
008 140117s1985 sp |||| | spa d
020 _a84-7551-373-5
080 _a821.124-6"-00"
100 1 _aOvidio Nasón, Publio.
_988013
245 1 4 _aLas heroidas /
_cOvidio ; traducidas en verso castellano por Diego de Mexía ; estudio preliminar de Antonio Prieto.
260 _a[Madrid] :
_bFascículos Planeta,
_cD.L. 1985.
300 _aXXVI, 385 p. ;
_c19 cm.
490 1 _aAula ;
_v86
700 1 _aMejia, Diego.
_9129801
700 1 _aPrieto, Antonio,
_d1930-
_9151033
830 0 _aAula ;
_v86
_9229506
852 _aES-MaACL
_jL-29934
_z.- Donat. Miguel A. Velasco
999 _c183117
_d183117